| 000 | 01200nam0a22003131 4500 | ||
|---|---|---|---|
| 001 | rc\1437979 | ||
| 005 | 20260406083933.0 | ||
| 035 | _a(NLR Aleph) 005286301 | ||
| 090 |
_a6147071 _c6147071 |
||
| 100 | _a20060620d1871 |||y0rusy50 ca | ||
| 101 | 1 |
_arus _cger |
|
| 102 | _aRU | ||
| 105 | _ay z ||||| | ||
| 200 | 1 |
_aЛегенда о святой Елизавете _eОратория Ференца Листа _fСлова в пер. Петра Калашникова |
|
| 210 |
_aСанкт-Петербург _cтип. Р. Голике _d1871 |
||
| 215 |
_a24 с. _d20 |
||
| 300 | _aАвт. в кн. не указан | ||
| 700 | 1 |
_aРокетт _bО. _f1824-1896 _gОтто |
|
| 702 | 1 |
_4230 _8rus _7ca _aЛист _bФ. _f1811-1886 _gФеренц _3RU\NLR\AUTH\7743076 _926019 |
|
| 702 | 1 |
_4730 _8rus _7ca _aКалашников _bП. И. _f1828-1897 _gПетр Иванович _3RU\NLR\AUTH\7751277 _934211 |
|
| 702 | 0 |
_aЕлизавета _cсв. _4570 |
|
| 801 | 0 |
_aRU _bNLR _c20060620 _gpsbo |
|
| 801 | 0 |
_aRU _bRuMoRGB _c20060620 _2psbo |
|
| 801 | 1 |
_aRU _bProSoft-M _c20060620 _2rusmarc |
|
| 801 | 2 |
_aRU _bNLR _c20121228 _2rusmarc |
|
| 852 |
_aNLR _j18.167.3.106 |
||
| 942 | _cBOOK | ||
| 980 | _aNB | ||